| 000 | 01002nas a2200289 4500 | ||
|---|---|---|---|
| 001 | BR2020000220 | ||
| 003 | BR-BrBNA | ||
| 005 | 20231205132058.0 | ||
| 007 | ta | ||
| 008 | 230509b bl.|||p| |||| 00| 00por d | ||
| 040 |
_aBR-BrBNA _bpor _cBiblioteca Nacional de Agricultura |
||
| 041 | _a(Pt) | ||
| 072 | _aM40 | ||
| 100 | 1 | _aSilva, E.P. e | |
| 100 | 1 | _aCarvalho, F.V. de | |
| 100 | 1 | _aCarvalho, J.A.L.V. de | |
| 100 | 1 | _aNery, R.M.C. | |
| 100 | 1 | _aSoares, R.B. | |
| 100 | 1 | _aPeixoto, S.R.M. | |
| 245 | 1 | _aAnálise preliminar da dinâmica populacional do camarão-rosa Farfantepenaeus subtilis (Pérez-Farfante, 1967)junto a região litorânea do município de Sirinhaém, PE, Brasil | |
| 650 | _aCAMARÃO ROSA | ||
| 650 | _aDINÂMICA POPULACIONAL | ||
| 650 | _aSIRINHAÉM | ||
| 773 | 0 |
_tRevista Brasileira de Engenharia de Pesca (Brazil) _xISSN 1980-587X _g(Sep 2008), v. 3(special number) p. 44-47 _wBR2020000220 |
|
| 909 |
_a202311 _bLúcia _c55 _dLúcia Elande |
||
| 942 |
_2AGRIS _n0 _cANA |
||
| 999 |
_c258344 _d258344 |
||